Phân tích các yếu tố ảnh hưởng đến sự tham gia hoạt động phi nông nghiệp của lao động nông thôn sở Đồng bằng Sông Cửu Long : Luận văn tốt nghiệp cao học ngành ngành Kinh tế Nông nghiệp

Nội dung luận văn giới thiệu cơ sở lý luận và phương pháp nghiên cứu. Tổng quan vùng Đồng bằng Sông Cửu Long. Phân tích các yếu tố ảnh hưởng đến sự tham gia hoạt động phi nông nghiệp của lao động nông thôn sở Đồng bằng Sông Cửu Long....

ver descrição completa

Na minha lista:
Detalhes bibliográficos
Formato: Livro
Idioma:Undetermined
Publicado em: Cần Thơ Trường Đại học Cần Thơ 2018
Assuntos:
Tags: Adicionar Tag
Sem tags, seja o primeiro a adicionar uma tag!
Thư viện lưu trữ: Trung tâm Học liệu Trường Đại học Cần Thơ
LEADER 01317nam a2200205Ia 4500
001 CTU_227228
008 210402s9999 xx 000 0 und d
082 |a 338.1 
082 |b Ph561 
245 0 |a Phân tích các yếu tố ảnh hưởng đến sự tham gia hoạt động phi nông nghiệp của lao động nông thôn sở Đồng bằng Sông Cửu Long : 
245 0 |b Luận văn tốt nghiệp cao học ngành ngành Kinh tế Nông nghiệp 
245 0 |c Nguyễn Thị Minh Phương ; Pham Lê Thông (cán bộ hướng dẫn) 
260 |a Cần Thơ 
260 |b Trường Đại học Cần Thơ 
260 |c 2018 
520 |a Nội dung luận văn giới thiệu cơ sở lý luận và phương pháp nghiên cứu. Tổng quan vùng Đồng bằng Sông Cửu Long. Phân tích các yếu tố ảnh hưởng đến sự tham gia hoạt động phi nông nghiệp của lao động nông thôn sở Đồng bằng Sông Cửu Long. Kết luận và kiến nghị. 
650 |a Agriculture,Nông nghiệp 
650 |x Economic aspects,Khía cạnh kinh tế 
910 |b dqhieu 
980 |a Trung tâm Học liệu Trường Đại học Cần Thơ